000 00454nam a2200217Ia 4500
003 IT-RoPAU
008 120407s9999 xx 000 0 und d
040 _aIT-RoPAU
040 _cIT-RoPAU
041 _aita
100 _aAimé Roche
245 _aDio mi ha provocato...
250 _aModena
260 _aEdizioni Paoline
260 _c1970
300 _c cm
490 _aBiografie contemporanee
490 _v1
942 _cBK
999 _c154
_d154